| Поле | Инд. | ПП | Название | Значение |
|---|---|---|---|---|
| Тип записи | a | |||
| Библиографический уровень | m | |||
| 001 | Контрольный номер | RU/IS/BASE/474547969 | ||
| 005 | Дата корректировки | 20260226112644.3 | ||
| 020 | a | ISBN | 978-5-534-16792-4 | |
| 040 | b | Код языка каталог. | rus | |
| e | Правила каталог. | PSBO | ||
| 041 | 0_ | a | Код языка текста | rus |
| 080 | a | Индекс УДК | 658.56(075.8) | |
| 097 | b | Оператор | *Ж* | |
| b | Оператор | *Фа* | ||
| 100 | 1_ | a | Автор | Васин С.Г. |
| 245 | 10 | a | Заглавие | Управление качеством. Всеобщий подход |
| b | Продолж. заглавия | учебник для вузов | ||
| b | Продолж. заглавия | в составе учебно-методического комплекса | ||
| 260 | a | Место издания | Москва | |
| b | Издательство | Юрайт | ||
| c | Дата издания | 2026 | ||
| 440 | _0 | a | Серия | Бакалавр и магистр. Академический курс; Высшее образование |
| 440 | _0 | a | Серия | УМК-У |
| 516 | 8_ | a | Прим. о типе комп. файла/ данных | Текст : электронный |
| a | Прим. о типе комп. файла/ данных | Режим доступа: по подписке | ||
| a | Прим. о типе комп. файла/ данных | Дата обращения: 07.07.2022 | ||
| 520 | 0_ | a | Аннотация | Учебник поможет сформировать у студентов теоретические знания и практические навыки в области менеджмента качества и построения современной системы управления качеством компании. В издании рассмотрены понятия менеджмента качества, суть всеобщего подхода к управлению качеством, зависимость конкурентоспособности компании от качества ее продукции, основные методы оценки качества продукции, международные стандарты ИСО серии 9000, способы оптимизации затрат на обеспечение качества. Представлен отечественный и зарубежный опыт управления качеством. Издание включает вопросы и задания для самоконтроля, а также тесты и задания для самостоятельной работы. |
| 535 | 1_ | a | Хранилище | Образовательная платформа Юрайт |
| 583 | a | Действие | Приписка : УМК | |
| 653 | 0_ | a | Ключевые слова | Качество продукции |
| a | Ключевые слова | Конкурентоспособность | ||
| a | Ключевые слова | Менеджмент качества | ||
| a | Ключевые слова | Оценка качества | ||
| a | Ключевые слова | Управление качеством | ||
| 655 | 07 | a | Жанр/ форма (устаревшее) | У |
| 773 | 18 | w | Контрольный № источника | 117830 |
| w | Контрольный № источника | 9a1d0b46517d4e2ab26355568f0b10f3 | ||
| w | Контрольный № источника | c195d6d7c61f4c4db42fdf139fe04a3e | ||
| w | Контрольный № источника | 116026 | ||
| 856 | 40 | u | URL | https://urait.ru/bcode/582945 |
| 901 | t | Тип документа | m | |
| 905 | a | Дата создания записи | 05.05.22 | |
| c | Дата приписки | 03.05.23 | ||
| c | Дата приписки | 18.09.24 | ||
| c | Дата приписки | 26.11.25 | ||
| c | Дата приписки | 13.01.26 | ||
| 952 | b | Гриф литературы для ВШ | Гриф | |
| a | Тип литературы для КСУ ВШ | У1 |